Quizlendrier de l'Avent #08 - Recette géographique #5 - le nougat - Statistiques

Statistiques générales
  • Ce quiz a été pris 60 fois
  • Le résultat moyen est 3 sur 7
Réponses sur la Carte
Les réponses sont colorées sur une échelle allant du rouge au vert en fonction du pourcentage des utilisateurs qui les ont devinées à leur premier essai. Vous pouvez retrouver ces pourcentages ci-dessous.
 
Statistiques - réponses
Ingrédients Pays % Correct
Miel Chine
84%
Sucre Brésil
74%
Amandes Etats-Unis
65%
Œufs Chine
56%
Pistaches Iran
25%
Noisettes Turquie
25%
Fèves tonka Venezuela
7%
Aucun quiz correspondant
Distribution des résultats
% des personnes avec chaque résultat
Percentile par nombre de réponses
Votre historique - résultats
Vous n’avez pas pris ce quiz